Оптимизация системы массового обслуживания с однотипным резервным прибором; Известия Томского политехнического университета [Известия ТПУ]; Т. 317, № 5 : Управление, вычислительная техника и информатика
| Parent link: | Известия Томского политехнического университета [Известия ТПУ]/ Томский политехнический университет (ТПУ).— , 2000- Т. 317, № 5 : Управление, вычислительная техника и информатика.— 2010.— [С. 28-31] |
|---|---|
| Yazar: | |
| Diğer Yazarlar: | |
| Özet: | Заглавие с титульного листа Электронная версия печатной публикации Изучена система массового обслуживания с однотипным резервным прибором, управляемым по текущему времени ожидания заявки, находящейся первой в очереди. Проведена оптимизация системы при учете потерь на ожидание и амортизацию. |
| Dil: | Rusça |
| Baskı/Yayın Bilgisi: |
2010
|
| Seri Bilgileri: | Управление, вычислительная техника и информатика |
| Konular: | |
| Online Erişim: | http://www.lib.tpu.ru/fulltext/v/Bulletin_TPU/2010/v317/i5/05.pdf |
| Materyal Türü: | MixedMaterials Elektronik Kitap Bölümü |
| KOHA link: | https://koha.lib.tpu.ru/cgi-bin/koha/opac-detail.pl?biblionumber=193754 |
MARC
| LEADER | 00000nla2a2200000 4500 | ||
|---|---|---|---|
| 001 | 193754 | ||
| 005 | 20231031182031.0 | ||
| 035 | |a (RuTPU)RU\TPU\book\211302 | ||
| 035 | |a RU\TPU\book\211292 | ||
| 090 | |a 193754 | ||
| 100 | |a 20110328d2010 k y0rusy50 ca | ||
| 101 | 0 | |a rus | |
| 102 | |a RU | ||
| 135 | |a drnn ---uucaa | ||
| 181 | 0 | |a i | |
| 182 | 0 | |a b | |
| 200 | 1 | |a Оптимизация системы массового обслуживания с однотипным резервным прибором |b Электронный ресурс |f Л. И. Самочернова, Е. С. Петров | |
| 203 | |a Текст |c электронный | ||
| 215 | |a 1 файл (107 Кб) | ||
| 225 | 1 | |a Управление, вычислительная техника и информатика | |
| 230 | |a Электронные текстовые данные (1 файл : 107 Кб) | ||
| 300 | |a Заглавие с титульного листа | ||
| 300 | |a Электронная версия печатной публикации | ||
| 320 | |a [Библиогр.: с. 31 (10 назв.)] | ||
| 330 | |a Изучена система массового обслуживания с однотипным резервным прибором, управляемым по текущему времени ожидания заявки, находящейся первой в очереди. Проведена оптимизация системы при учете потерь на ожидание и амортизацию. | ||
| 337 | |a Adobe Reader | ||
| 461 | 1 | |0 (RuTPU)RU\TPU\book\176237 |t Известия Томского политехнического университета [Известия ТПУ] |f Томский политехнический университет (ТПУ) |d 2000- | |
| 463 | 1 | |0 (RuTPU)RU\TPU\book\210457 |x 1684-8519 |t Т. 317, № 5 : Управление, вычислительная техника и информатика |v [С. 28-31] |d 2010 |p 228 с. | |
| 610 | 1 | |a системы | |
| 610 | 1 | |a обслуживание | |
| 610 | 1 | |a время ожидания | |
| 610 | 1 | |a амортизация | |
| 610 | 1 | |a оптимальный момент | |
| 610 | 1 | |a труды учёных ТПУ | |
| 610 | 1 | |a электронный ресурс | |
| 700 | 1 | |a Самочернова |b Л. И. |c математик |c доцент Томского политехнического университета, кандидат технических наук |f 1950- |g Лидия Ивановна |2 stltpush |3 (RuTPU)RU\TPU\pers\25979 | |
| 701 | 1 | |a Петров |b Е. С. | |
| 801 | 1 | |a RU |b 63413507 |c 20090623 |g PSBO | |
| 801 | 2 | |a RU |b 63413507 |c 20211224 |g PSBO | |
| 856 | 4 | |u http://www.lib.tpu.ru/fulltext/v/Bulletin_TPU/2010/v317/i5/05.pdf | |
| 942 | |c CF | ||